The first and second world wars. (Record no. 534052)
[ view plain ]
| 000 -LEADER | |
|---|---|
| fixed length control field | 01110cam a2200313u 4500 |
| 001 - CONTROL NUMBER | |
| control field | 6936890 |
| 003 - CONTROL NUMBER IDENTIFIER | |
| control field | NUST |
| 005 - DATE AND TIME OF LATEST TRANSACTION | |
| control field | 20200129105922.0 |
| 008 - FIXED-LENGTH DATA ELEMENTS--GENERAL INFORMATION | |
| fixed length control field | 830107s1945 iluabc 000 0 eng |
| 010 ## - LIBRARY OF CONGRESS CONTROL NUMBER | |
| LC control number | 46000414 |
| 038 ## - RECORD CONTENT LICENSOR | |
| Staff Name | MSOHAIL |
| 040 ## - CATALOGING SOURCE | |
| Original cataloging agency | DLC |
| Transcribing agency | CarP |
| Modifying agency | DLC |
| 043 ## - GEOGRAPHIC AREA CODE | |
| Geographic area code | e------ |
| 050 00 - LIBRARY OF CONGRESS CALL NUMBER | |
| Classification number | D443 |
| Item number | .T73 1945 |
| 082 ## - DEWEY DECIMAL CLASSIFICATION NUMBER | |
| Classification number | 941.083 |
| 100 1# - MAIN ENTRY--PERSONAL NAME | |
| Personal name | Donald Sommeruille , |
| Dates associated with a name | 1881-1947. |
| 9 (RLIN) | 28172 |
| 240 10 - UNIFORM TITLE | |
| Uniform title | Western civilization. English. [from old catalog] |
| 245 14 - TITLE STATEMENT | |
| Title | The first and second world wars. |
| 260 ## - PUBLICATION, DISTRIBUTION, ETC. | |
| Place of publication, distribution, etc. | London |
| -- | Hermes house |
| Date of publication, distribution, etc. | [2010] |
| 300 ## - PHYSICAL DESCRIPTION | |
| Extent | 512, xxxvi p. |
| Other physical details | double front., ports., maps (part double) diagrs. |
| Dimensions | 24 cm. |
| 650 #0 - SUBJECT ADDED ENTRY--TOPICAL TERM | |
| Topical term or geographic name entry element | World War, 1914-1918. |
| 9 (RLIN) | 28173 |
| 650 #0 - SUBJECT ADDED ENTRY--TOPICAL TERM | |
| Topical term or geographic name entry element | World War, 1939-1945. |
| 9 (RLIN) | 28174 |
| 651 #0 - SUBJECT ADDED ENTRY--GEOGRAPHIC NAME | |
| Geographic name | Europe |
| General subdivision | History |
| Chronological subdivision | 1918-1945. |
| 9 (RLIN) | 28175 |
| 700 1# - ADDED ENTRY--PERSONAL NAME | |
| Personal name | Grimm, Harold John, |
| Dates associated with a name | 1901- [from old catalog] |
| Relator term | joint author. |
| 9 (RLIN) | 28176 |
| 700 1# - ADDED ENTRY--PERSONAL NAME | |
| Personal name | Squires, J. Duane |
| Fuller form of name | (James Duane), |
| Dates associated with a name | 1904- |
| Relator term | joint author. |
| 9 (RLIN) | 28177 |
| 700 1# - ADDED ENTRY--PERSONAL NAME | |
| Personal name | Langsam, Walter Consuelo, |
| Dates associated with a name | 1906- [from old catalog] |
| Relator term | ed. |
| 9 (RLIN) | 28178 |
| 906 ## - LOCAL DATA ELEMENT F, LDF (RLIN) | |
| a | 0 |
| b | cbc |
| c | premunv |
| d | u |
| e | ncip |
| f | 19 |
| g | y-gencatlg |
| 942 ## - ADDED ENTRY ELEMENTS (KOHA) | |
| Source of classification or shelving scheme | |
| Koha item type | Book |
| Withdrawn status | Lost status | Source of classification or shelving scheme | Damaged status | Not for loan | Permanent Location | Current Location | Date acquired | Total Checkouts | Full call number | Barcode | Date last seen | Date last checked out | Price effective from | Koha item type |
|---|---|---|---|---|---|---|---|---|---|---|---|---|---|---|
| School of Civil and Environmental Engineering (SCEE) | School of Civil and Environmental Engineering (SCEE) | 01/29/2020 | 1 | 941.083 | NIT-9563 | 02/21/2023 | 11/01/2022 | 01/29/2020 | Book |
